00783nam a2200157 i 4500001000700000003000900007005001700016008004100033040001300074100003700087245014600124260006600270300002500336651005000361852021400411153965ES-MaACL20240215145839.0950206s1630 sp |||| | spa d aAN bspa1 aEspinosa de los Monteros, Pablo.10aSegunda parte de la historia y grandezas de la ciudad de Sevilla ... / cpor el licenciado Don Pablo de Espinosa de los Monteros, presbytero. aEn Sevilla : ben la officina de Ivan de Cabrera ..., c1630. a[3], 138 h. ; cFol. 4aSevilla-xHistoria-xObras anteriores a 1800. aES-MaACLjR-3403 dOlim: G-5776e Falto de [1] h. de prelim.pVol.2x Encuadernacion. holandesa zCambio de signatura. Datos tomados del fichero topográfico RzCotejado con la relación de obras recuperadas